[Event "3rd GRENKE Chess Open 2018"]
[Site "Karlsruhe"]
[Date "2018.04.01"]
[Round "7"]
[White "Lampert, Jonas"]
[Black "Shirov, Alexei"]
[Result "0-1"]
[WhiteElo "2532"]
[BlackElo "2651"]
[Annotator "TA"]
[PlyCount "80"]
[EventDate "2018.??.??"]
[EventType "swiss"]
[EventCountry "GER"]
[SourceTitle "playchess.com"]
[Source "ChessBase"]
[SourceQuality "1"]

{[%evp 23,80,8,32,14,28,16,24,23,43,-18,-25,-29,-18,-25,-35,-60,-66,-81,-61,-66,-68,-70,-70,-93,-104,-111,-96,-132,-134,-137,-130,-177,-159,-163,-145,-338,-261,-277,-262,-403,-387,-367,-371,-369,-367,-358,-320,-360,-350,-322,-289,-472,-455,-705,-518,-2351,-780,-1504,-1435]} 1. e4 e5 2. Nf3 Nc6 3. Bb5 {[%cal Bf1b5,Bb5a4,Ba4b3][%mdl 32]} a6 4. Ba4 Nf6 5. O-O b5 6. Bb3 Bc5 7. Nc3 O-O 8. d3 d6 {C78: Ruy Lopez: Archangelsk and Möller Defences} 9. Nd5 h6 10. c3 Rb8 11. d4 (11. Re1 Ba7 12. Be3 Bxe3 13. Nxe3 Re8 14. a4 b4 15. a5 bxc3 16. bxc3 {½-½ (66) Anand,V (2783)-Carlsen,M (2822) Saint Louis 2017}) 11... Ba7 12. Be3 Nxe4 {LiveBook: 4 Games} 13. Re1 exd4 14. Nxd4 Bxd4 15. Bxd4 {[#]} Ng5 $146 ({Predecessor:} 15... Nc5 16. Bf6 gxf6 17. Qh5 Nxb3 18. Qxh6 Ne5 19. Nxf6+ Qxf6 20. Qxf6 Nxa1 21. Rxe5 {½-½ (21) Shcherbakov,R (2516)-Khairullin,I (2630) Sochi 2016}) 16. Qd3 (16. f4 $14 Ne6 17. Bf2) 16... Be6 $11 17. Nf4 {[%cal Rf4e6]} Nxd4 18. Qxd4 {aiming for Nh5.} c5 19. Nxe6 Nxe6 ({Of course not} 19... cxd4 $6 20. Nxd8 Rbxd8 21. cxd4 $11) (19... fxe6 20. Bxe6+ Nxe6 21. Qd5 $11) 20. Qe4 Ng5 $36 {[%cal Be6g5,Bg5h7,Bh7f6][%mdl 2080] Black has good play.} (20... Re8 {is interesting.} 21. Bc2 g6 22. Rad1 Qd7 23. Qh4 Kh7) 21. Qd5 Nh7 22. Rad1 Rb6 23. Re3 Nf6 24. Qf5 Re8 25. Rde1 {Rxe8+ would kill now.} Rxe3 26. Rxe3 d5 {[%cal Bd6d5,Bd5d4,Bd4d3][%mdl 32]} 27. h4 c4 28. Bc2 Rd6 29. g4 $2 (29. h5 $17 {was called for.}) 29... g6 30. Qf3 d4 31. Re5 (31. Re1 {might work better.}) 31... d3 $19 32. Bd1 Nd7 33. Re3 Qxh4 34. Re8+ Kg7 35. Qa8 {[#] Threatens to win with Rg8+.} Qf6 $1 36. Rh8 {[%csl Gh8][%cal Ra8g8] [#]} Qe5 $1 {[%cal Re5e1]} 37. Qg8+ (37. Qd8 {was worth a try.} Rb6 38. Re8) 37... Kf6 {Hoping for ...Qe1+.Black is clearly winning.} 38. Rh7 (38. Kf1 $142 Kg5 39. Qxf7) 38... Kg5 39. Rxf7 (39. Qxf7 $142 Nf6 40. Rg7 Nxg4 41. Qe7+ Qxe7 42. Rxe7) 39... Rf6 (39... Qe1+ $142 40. Kg2 Qxd1 41. Qd8+ Rf6) 40. Bf3 Qe6 {Precision: White = 24%, Black = 65%.} 0-1

[Event "3rd GRENKE Chess Open 2018"]
[Site "Karlsruhe"]
[Date "2018.04.01"]
[Round "7"]
[White "Schneider, Ilja"]
[Black "Musat, Adrian"]
[Result "1/2-1/2"]
[WhiteElo "2513"]
[BlackElo "2388"]
[Annotator "TA"]
[PlyCount "69"]
[EventDate "2018.??.??"]
[EventType "swiss"]
[EventCountry "GER"]
[SourceTitle "playchess.com"]
[Source "ChessBase"]
[SourceQuality "1"]

{[%evp 26,69,21,0,1,0,11,4,12,19,19,20,20,17,26,0,0,-19,0,0,5,5,10,0,0,0,0,0,0,0,0,0,0,0,0,0,0,0,0,0,0,0,0,0,0,-8]} 1. e4 e5 2. Nf3 Nc6 3. Nc3 Nf6 4. d4 exd4 5. Nxd4 Bb4 6. Nxc6 bxc6 7. Bd3 d5 8. exd5 cxd5 9. O-O O-O 10. h3 {C47: Scotch Four Knights and Four Knights with 4 g3} (10. Bg5 c6 11. Na4 h6 12. Bh4 Re8 13. c4 dxc4 14. Bxc4 Qxd1 15. Rfxd1 g5 16. Bg3 Ne4 17. a3 Bf8 18. Rac1 Nxg3 19. hxg3 Rb8 20. b4 Bf5 21. Bd3 Bxd3 22. Rxd3 {½-½ (36) Artemiev,V (2691)-Carlsen,M (2837) Riadh 2017}) 10... h6 11. Qf3 c6 12. Bf4 Bd6 13. Rfe1 Be6 14. Rad1 {LiveBook: 4 Games} Bxf4 15. Qxf4 Qb8 {[#]} 16. Qe3 $146 ({Predecessor:} 16. Qxb8 Raxb8 17. Na4 Rfc8 18. Nc5 Rxb2 19. Nxe6 fxe6 20. Rxe6 {½-½ (65) Kovchan,A (2582)-Lin,C (2468) Albena 2015}) 16... Qb4 17. a3 Qxb2 18. Rb1 $1 {[%cal Rb1b2]} d4 $1 ({But not} 18... Qxa3 $2 {[#]} 19. Nxd5 $1 {[%mdl 512]} cxd5 20. Bh7+ $1 {[%mdl 512]} Kxh7 21. Qxa3 $18) ({Don't blunder} 18... Qxc3 $2 19. Bh7+ $1 {[%mdl 512]} Kxh7 20. Qxc3 $18) 19. Rxb2 dxe3 20. fxe3 Nd7 {The position is equal.} 21. Reb1 Nc5 22. Ne4 Nxe4 23. Bxe4 Bd5 24. Bxd5 cxd5 $11 {[%mdl 4096] Endgame KRR-KRR} 25. Rd1 Rfd8 26. Rb5 Rac8 27. Rbxd5 Rxd5 28. Rxd5 Rxc2 {KR-KR} 29. Rd8+ Kh7 30. Rd7 a6 31. Ra7 Rc3 32. a4 Rxe3 33. Rxa6 Ra3 34. a5 h5 35. Kf2 {Precision: White = 77%, Black = 75%.} 1/2-1/2

[Event "3rd GRENKE Chess Open 2018"]
[Site "Karlsruhe"]
[Date "2018.04.01"]
[Round "7"]
[White "Ider, Borya"]
[Black "Fridman, Daniel"]
[Result "1-0"]
[WhiteElo "2505"]
[BlackElo "2637"]
[Annotator "TA"]
[PlyCount "25"]
[EventDate "2018.??.??"]
[EventType "swiss"]
[EventCountry "GER"]
[SourceTitle "playchess.com"]
[Source "ChessBase"]
[SourceQuality "1"]

{[%evp 14,25,0,0,0,0,0,0,0,0,33,29,28,28]} 1. d4 d5 2. Bf4 Nf6 3. e3 c5 4. c3 Nc6 5. Nd2 Bf5 6. Qb3 {D00: 1 d4 d5: Unusual lines} (6. Ngf3 e6 7. Be2 Bd6 8. dxc5 Bxc5 9. Nd4 Bg6 10. Qa4 O-O 11. Nxc6 bxc6 12. Qxc6 Rc8 13. Qa4 Re8 14. O-O e5 {0-1 (57) Le,Q (2737)-Ding,L (2777) Riadh 2017}) 6... Qc8 7. Ngf3 c4 8. Qd1 {LiveBook: 7 Games. The position is equal.} b5 9. Be2 e6 10. Nh4 Be4 $146 ({Find the theoretical novelty and annotate with similar games:} 10... h6 11. Nxf5 exf5 12. h3 Qe6 {½-½ (30) Nitsche Hahn,R (1933)-Jahnz,F (2235) Germany 2017}) 11. Nhf3 h6 12. Nxe4 Nxe4 13. Nd2 {[%mdl 32768] Loss on Time!?} 1-0

[Event "3rd GRENKE Chess Open 2018"]
[Site "Karlsruhe"]
[Date "2018.04.01"]
[Round "7"]
[White "Riff, Jean-Noel"]
[Black "Lokander, Martin"]
[Result "1-0"]
[WhiteElo "2503"]
[BlackElo "2375"]
[Annotator "TA"]
[PlyCount "33"]
[EventDate "2018.??.??"]
[EventType "swiss"]
[EventCountry "GER"]
[SourceTitle "playchess.com"]
[Source "ChessBase"]
[SourceQuality "1"]

{[%evp 9,32,3,30,23,68,29,36,25,25,22,54,40,275,134,241,251,442,443,450,447,431,394,566,561,29999]} 1. e4 c6 2. Nc3 d5 3. Nf3 Nf6 4. e5 Ne4 5. Be2 h6 $146 ({Predecessor:} 5... Nxc3 6. dxc3 Bg4 7. Ng5 Bxe2 8. Qxe2 e6 9. h4 Nd7 10. Bf4 h6 11. Nf3 Qa5 12. h5 Qb5 13. Qxb5 cxb5 {1-0 (28) Vachier Lagrave,M (2793)-Ghosh,D (2556) chess.com INT 2018}) 6. O-O {B11: Caro-Kann: Two Knights Variation} c5 7. Re1 Nxc3 8. dxc3 {[%cal Bd2c3,Bc3c4][%mdl 32] Black must now prevent Bb5+.White is slightly better.} Nc6 9. Bb5 {And now e6 would win.} Qb6 10. c4 d4 $2 {[#]} (10... dxc4 $14 11. Bxc4 e6) 11. c3 (11. e6 $1 $18) 11... dxc3 {[#]} (11... e6 $16 {keeps fighting.}) 12. e6 $1 $18 (12. bxc3 e6 $14) 12... Bxe6 $2 {[#]} (12... Qc7 13. exf7+ (13. bxc3 Bxe6 14. Ne5 g5 $16) 13... Kxf7 14. Bxc6 (14. bxc3 Kg8 $16) 14... bxc6 15. Ne5+ (15. bxc3 Kg8 $18) 15... Kg8) 13. Rxe6 $1 {[%mdl 512] Strongly threatening Ne5.} Rd8 (13... fxe6 14. Ne5) 14. Bxc6+ ({Don't do} 14. Qc2 g5 $18) 14... bxc6 15. Qc2 fxe6 (15... g6 $142 16. bxc3 Bg7) 16. Ne5 {[%cal Rc2g6]} cxb2 17. Qg6# {Precision: White = 57%, Black = 16%.} 1-0

[Event "3rd GRENKE Chess Open 2018"]
[Site "Karlsruhe"]
[Date "2018.04.01"]
[Round "7"]
[White "Noe, Christopher"]
[Black "Fries-Nielsen, Jens Ove"]
[Result "1-0"]
[WhiteElo "2494"]
[BlackElo "2358"]
[Annotator "TA"]
[PlyCount "51"]
[EventDate "2018.??.??"]
[EventType "swiss"]
[EventCountry "GER"]
[SourceTitle "playchess.com"]
[Source "ChessBase"]
[SourceQuality "1"]

{[%evp 10,51,37,33,80,102,97,78,120,80,76,84,88,73,76,30,27,0,104,41,38,41,84,80,113,122,165,152,247,239,248,252,247,251,262,261,241,237,429,421,558,553,536,479]} 1. d4 g6 2. c4 Bg7 3. Nc3 e6 4. Nf3 Ne7 5. e4 d5 6. e5 {LiveBook: 12 Games. A40: Unusual replies to 1 d4} f6 (6... Nbc6 7. Be2 h6 8. O-O O-O 9. Re1 b6 10. cxd5 Nxd5 11. Nxd5 Qxd5 12. Bd3 {1-0 (60) Onischuk,A (2681)-Ipatov,A (2665) Saint Louis 2018}) 7. exf6 Bxf6 8. Bg5 $146 {White is better.} ({Find the theoretical novelty and annotate with similar games:} 8. h4 Nbc6 9. Bg5 Bg7 10. Qd2 O-O 11. O-O-O Rxf3 12. gxf3 Nxd4 13. cxd5 Nxf3 {1-0 (27) Vaulin,A (2540)-Poley,V (2325) Minsk 2000}) 8... Bg7 9. Qd2 Nbc6 10. O-O-O h6 11. Bf4 g5 12. Be5 (12. Be3 {NOTEXT} Nf5 13. g4 Nxe3 14. fxe3 Rf8 15. Qg2) 12... Nxe5 13. Nxe5 (13. dxe5 {NOTEXT} O-O 14. Kb1 Nc6 15. Qc2 Nxe5 16. Nxe5 Bxe5 17. cxd5 Bxc3 18. Qxc3 Qf6 19. Qxc7 exd5 20. Bd3) 13... dxc4 (13... c5 $1 $11 14. cxd5 O-O) 14. Bxc4 (14. Qc2 $16) 14... Bxe5 $1 $14 15. dxe5 Qxd2+ 16. Rxd2 {Threatens to win with Nb5.} c6 17. h4 $36 {[%mdl 2048] And now hxg5 would win. White is on the roll.} gxh4 18. Rxh4 Nf5 (18... Ng6 $16 19. Rhd4 Rf8) 19. Rg4 $18 h5 20. Rg6 Ne7 21. Rg7 Kf8 22. Rg5 {[#] Black must now prevent Rd8+.} Nd5 23. Rd3 ({Resist} 23. Bxd5 $6 exd5 24. Rd4 Ke7 $16) 23... Bd7 $2 (23... Ke8 24. Ne4 (24. Bxd5 exd5 25. Rf3 Bg4 $16) 24... Kd8) 24. Rf3+ {White is clearly winning.} ({Not} 24. Bxd5 cxd5 25. Ne4 Rc8+ 26. Kd2 Rh7 $18) 24... Ke7 25. Rg7+ Kd8 26. Ne4 {Precision: White = 74%, Black = 44%.} 1-0

[Event "3rd GRENKE Chess Open 2018"]
[Site "Karlsruhe"]
[Date "2018.04.01"]
[Round "7"]
[White "Poetsch, Hagen"]
[Black "Banusz, Tamas"]
[Result "1-0"]
[WhiteElo "2484"]
[BlackElo "2618"]
[Annotator "TA"]
[PlyCount "81"]
[EventDate "2018.??.??"]
[EventType "swiss"]
[EventCountry "GER"]
[SourceTitle "playchess.com"]
[Source "ChessBase"]
[SourceQuality "1"]

{[%evp 18,81,2,-36,-41,-36,-37,-39,29,29,37,30,23,19,45,0,18,-18,19,0,41,32,46,11,11,20,55,37,43,16,81,16,35,22,24,-26,-26,-6,9,0,35,20,25,9,60,0,0,0,0,0,0,0,0,0,0,0,0,0,0,0,0,0,195,204,358,352]} 1. e4 e5 2. Nf3 Nc6 3. Nc3 Nf6 4. Bb5 Bc5 5. Nxe5 Nxe5 6. d4 Bd6 7. f4 Nc6 {C48: Four Knights: 4 Bb5, replies other than 4...Bb4} 8. e5 Bb4 9. exf6 Qxf6 10. Be3 {LiveBook: 7 Games} (10. a3 {is more complex.} Ba5 11. Be3 O-O 12. O-O Bxc3 13. bxc3 d6 14. Bd3) (10. a3 Bxc3+ 11. bxc3 d5 12. O-O Bf5 13. Rb1 O-O-O 14. Bd3 Rhe8 15. a4 {0-1 (36) Praggnanandhaa,R (2507)-Lysyj,I (2618) Moscow 2018}) 10... d5 11. O-O Bxc3 $1 12. bxc3 O-O ({Black should try} 12... Bf5 $15) 13. Qf3 $11 Ne7 14. Bd3 Bf5 15. Rae1 Qd6 $146 16. Bd2 Bxd3 17. Qxd3 f5 18. Re5 c6 19. Rfe1 Rf7 20. c4 Ng6 21. Re6 Qd7 22. cxd5 cxd5 23. Qa3 Rff8 (23... Rf6 $11 24. Rxf6 gxf6) 24. Qb3 (24. g3 $16) 24... Rf6 25. Rxf6 gxf6 26. c4 dxc4 27. Qxc4+ Qf7 28. Qb5 Qxa2 29. Qxb7 Rd8 30. Qc7 Rf8 (30... Qd5 $11) 31. Be3 ({Better is} 31. Bb4 $14 Rf7 32. Qd6) 31... Re8 32. Qc6 Re6 33. Qa8+ Kg7 34. d5 $36 {[%mdl 2048] White has some pressure.} Re4 35. g3 Ne7 36. Qb7 {[#] Hoping for d6.} Kg6 37. d6 Nd5 38. Bf2 Rxe1+ 39. Bxe1 {Black must now prevent Qb5.} Ne3 $2 {[#]} (39... Qe2 $11 {and Black stays safe.} 40. Bf2 (40. Qxd5 Qxe1+ 41. Kg2 Qe2+ 42. Kh3 Qh5+ 43. Kg2 Qe2+ 44. Kg1 Qe1+ 45. Kg2 Qe2+ $11) 40... Ne3 41. Bxe3 Qxe3+ 42. Kf1 Qd3+ 43. Kg2 Qe2+ 44. Kh3 Qh5+ 45. Kg2 Qe2+ 46. Kh3 Qh5+ 47. Kg2 Qe2+) 40. Qf3 $18 Nc2 $2 (40... Ng4) 41. Qe2 {Precision: White = 46%, Black = 59%.} 1-0

[Event "3rd GRENKE Chess Open 2018"]
[Site "Karlsruhe"]
[Date "2018.04.01"]
[Round "7"]
[White "Kevlishvili, Robby"]
[Black "Savina, Anastasia"]
[Result "1-0"]
[WhiteElo "2472"]
[BlackElo "2358"]
[Annotator "TA"]
[PlyCount "133"]
[EventDate "2018.??.??"]
[EventType "swiss"]
[EventCountry "GER"]
[SourceTitle "playchess.com"]
[Source "ChessBase"]
[SourceQuality "1"]

{[%evp 25,133,30,37,9,9,8,10,9,8,10,9,0,10,0,4,0,22,25,30,28,34,9,31,12,44,28,27,27,22,26,42,32,45,0,36,43,114,93,106,94,86,84,83,96,339,306,322,326,327,322,322,291,303,170,176,179,186,179,177,177,230,230,230,230,225,193,218,308,301,218,464,449,524,524,522,433,522,424,518,415,381,0,508,497,1157,1157,924,933,906,818,1430,1430,1386,1339,1445,1417,1246,804,1422,1069,4798,2060,7034,5208,5122,5122,5118,4698,29987,29988]} 1. e4 e5 2. Nf3 Nc6 3. Bb5 a6 4. Ba4 Nf6 5. d3 d6 6. c3 Be7 7. O-O O-O 8. Re1 b5 9. Bc2 Bb7 {C84: Closed Ruy Lopez: Unusual White 6th moves} (9... d5 10. Nbd2 d4 11. Nb3 dxc3 12. bxc3 a5 13. a4 b4 14. Bd2 Bg4 15. h3 Bxf3 16. Qxf3 bxc3 17. Bxc3 Bb4 18. Bxb4 Nxb4 {½-½ (30) Anand,V (2776)-Svidler,P (2760) Moscow 2018}) 10. Nbd2 Re8 11. Nf1 Bf8 12. Ng3 g6 13. d4 Bg7 {LiveBook: 12 Games} 14. a4 exd4 15. cxd4 Nb4 16. Bb1 c5 17. Bd2 Nc6 18. d5 Ne5 $146 ({Predecessor:} 18... Na5 19. Bd3 b4 {1-0 (55) Sztokbant,B (2230)-Dias da Silva,A (1995) Sao Paulo 2013}) 19. Nxe5 Rxe5 20. Bd3 c4 21. Bc2 Re8 22. Bc3 Nd7 23. Ne2 Nc5 24. Nd4 Qb6 25. a5 $36 {[%mdl 2048] White fights for an advantage.} Qc7 26. Qd2 Re7 27. Re2 Rae8 {[%cal Rc5e4]} 28. Rae1 Nd7 {[%cal Bc5d7,Bd7e5,Be5d3][%mdl 32]} 29. Re3 Ne5 30. f4 b4 (30... Nd7 $14) 31. Bxb4 $16 Nd3 32. Bxd3 Bxd4 33. Bc2 Bc5 34. Ba4 {Strongly threatening Bxc5.} Rxe4 $2 (34... Rb8 $16 {was necessary.}) 35. Bxc5 Qxc5 36. Bxe8 Rxe8 37. Kh1 Rxe3 38. Rxe3 Bxd5 $18 {[%mdl 4096] Endgame KQR-KQB} 39. f5 (39. Re8+ $142 Kg7 40. h3) 39... Bc6 40. fxg6 hxg6 41. h3 d5 42. Re5 $1 f6 (42... Kg7 $142 43. Qf4 Bd7) 43. Re6 Kf7 {[#]} 44. Re1 $1 d4 45. Qh6 Qh5 46. Qxh5 gxh5 {[#] KR-KB} 47. Kg1 $1 {[%cal Rg1f2]} Ba4 $2 (47... d3) 48. Kf2 Bc2 49. g3 Bf5 50. h4 Bc2 51. Kf3 Bf5 52. Kf4 Bc2 53. Kf3 Bf5 $1 54. Ke2 Be4 (54... Bd7 $142 55. Kd2 Bc6) 55. Rd1 d3+ 56. Ke3 Bd5 {[#]} 57. b3 $1 {[%mdl 512]} cxb3 58. Kxd3 Ke6 59. Kc3 Ke5 60. Rd4 Be6 61. Rb4 Kf5 62. Rb6 Bc8 63. Rxb3 Kg4 64. Kd4 f5 65. Ke5 Bd7 66. Rb7 Bc8 67. Rc7 {Precision: White = 83%, Black = 36%.} 1-0

[Event "3rd GRENKE Chess Open 2018"]
[Site "Karlsruhe"]
[Date "2018.04.01"]
[Round "7"]
[White "Nasuta, Grzegorz"]
[Black "Gheng, Josef"]
[Result "1-0"]
[WhiteElo "2465"]
[BlackElo "2338"]
[Annotator "TA"]
[PlyCount "107"]
[EventDate "2018.??.??"]
[EventType "swiss"]
[EventCountry "GER"]
[SourceTitle "playchess.com"]
[Source "ChessBase"]
[SourceQuality "1"]

{[%evp 12,107,30,34,42,30,31,19,18,17,27,10,35,28,34,1,10,0,33,-6,0,9,79,20,17,-61,4,-48,-20,-35,394,387,401,394,431,422,422,420,424,418,488,425,459,464,540,544,673,664,828,829,1000,977,977,977,940,836,810,712,766,601,590,597,592,590,619,605,621,602,678,487,468,459,477,460,520,518,535,533,610,575,646,637,782,762,827,825,821,844,880,847,1223,1326,1272,1226,1623,1581,1303,1275]} 1. e4 e5 2. Nf3 Nc6 3. d4 exd4 4. Nxd4 Bc5 5. Nb3 Bb4+ 6. Bd2 Qe7 {C45: Scotch Game} (6... a5 7. a3 Bd6 8. Be3 Nf6 9. Nc3 O-O 10. Bb5 Be5 11. Nd4 Ng4 12. Qxg4 Nxd4 13. Bd3 d6 14. Qd1 {1-0 (33) Nepomniachtchi,I (2714)-Mamedyarov,S (2765) Beijing 2014}) 7. Bd3 {LiveBook: 6 Games} Nf6 8. O-O Bxd2 {White has an edge.} 9. N1xd2 $146 ({Predecessor:} 9. Qxd2 d6 10. Nc3 Bg4 11. Rae1 O-O-O 12. f4 h5 13. h3 Bd7 14. Nd5 Qf8 15. c4 Rh6 16. Qf2 Qh8 17. e5 dxe5 18. fxe5 Nh7 19. Bxh7 Qxh7 20. Qxf7 Qd3 21. e6 {1-0 (21) Baklan,V (2607)-Billot,D (2016) Metz 2003}) 9... d6 10. c3 Ne5 11. Bc2 Bg4 12. Qe1 g5 13. Nd4 Rg8 14. Qe3 Bd7 15. Rfe1 Nfg4 16. Qe2 $36 {[%mdl 2048] White has the initiative.} Qf6 (16... O-O-O $11) 17. Nf5 (17. f3 $16 Nh6 18. h3) 17... O-O-O $11 18. Nf1 (18. f3 $11 Nh6 19. Ne3) 18... Rde8 (18... h5 $15) 19. N1g3 (19. f3 $11 Nh6 20. Qf2) 19... h5 20. h3 h4 $2 {[%mdl 8192] [#]} (20... Nh6 $1 $15 {keeps the upper hand.}) 21. Nh5 $18 ({Worse is} 21. hxg4 hxg3 22. fxg3 Kb8 $15) 21... Qh8 22. hxg4 Rg6 23. f3 Kb8 24. Rad1 a6 25. Qf2 Qh7 26. Bb3 {White is clearly winning.} Be6 27. Bd5 Rh8 28. c4 Nd7 29. b4 Qg8 30. Ne7 Qf8 31. Nxg6 fxg6 32. Bxe6 Ne5 33. Bf5 gxh5 34. gxh5 Nxc4 35. f4 gxf4 36. Qxf4 Rxh5 37. Rf1 Qg8 38. Bh3 Rh8 39. Qf7 Ne3 {With the idea ...Qxf7.} 40. Qxg8+ Rxg8 41. Rd3 Nxf1 42. Kxf1 {[%mdl 4096] Endgame KRB-KR} Ka7 43. Bf5 Kb6 44. Rh3 c5 45. bxc5+ Kxc5 46. Rxh4 b5 47. g4 a5 48. Ke2 b4 49. Kd3 a4 50. Rh7 Ra8 51. Rc7+ Kb6 52. Rc1 Rg8 53. Kc4 Ka5 54. Rd1 {Precision: White = 60%, Black = 15%.} 1-0

[Event "3rd GRENKE Chess Open 2018"]
[Site "Karlsruhe"]
[Date "2018.04.01"]
[Round "7"]
[White "Hirneise, Tobias"]
[Black "Bindrich, Falko"]
[Result "0-1"]
[WhiteElo "2463"]
[BlackElo "2602"]
[Annotator "TA"]
[PlyCount "84"]
[EventDate "2018.??.??"]
[EventType "swiss"]
[EventCountry "GER"]
[SourceTitle "playchess.com"]
[Source "ChessBase"]
[SourceQuality "1"]

{[%evp 20,84,16,0,20,16,24,20,16,0,33,0,0,0,0,0,0,0,0,9,0,-3,48,42,54,14,12,19,6,9,7,18,13,0,0,-4,-11,-2,0,-4,0,-14,0,-27,0,0,0,-113,-101,-102,0,-99,-56,-114,-108,-111,-77,-168,-134,-168,-190,-294,-295,-240,-196,-12828,-12829]} 1. d4 Nf6 2. c4 e6 3. Nc3 d5 4. cxd5 Nxd5 5. e4 Nxc3 6. bxc3 c5 7. Nf3 cxd4 8. cxd4 Bb4+ 9. Bd2 Bxd2+ 10. Qxd2 O-O 11. Rc1 b6 {D41: Queen's Gambit Declined: Semi-Tarrasch with 5 cxd5} 12. Bd3 Bb7 (12... Ba6 13. Bxa6 Nxa6 14. O-O Qe7 15. Qe2 Qb7 16. Ne5 Rac8 17. h4 Nb8 18. Nc4 Qa6 19. Rc2 {½-½ (61) So,W (2788)-Dominguez Perez,L (2739) Saint Louis 2017}) 13. O-O Nd7 {The position is equal.} 14. Qf4 Rb8 15. e5 h6 16. Be4 $146 (16. Nd2 {looks sharper.} b5 17. Ne4 b4 18. Nd6 Bd5 19. Rc2) ({Predecessor:} 16. a4 Rc8 17. Nd2 Nc5 18. Be2 Nxa4 19. Nc4 {½-½ (41) Bellaiche,A (2463)-Zilberman,Y (2388) Jerusalem 2017}) 16... b5 17. Bxb7 Rxb7 18. Qe4 Qa8 19. d5 Rbb8 20. Qd4 {Threatens to win with dxe6.} exd5 (20... Qxd5 $11 21. Qxd5 exd5) 21. Nh4 $1 $14 {[%cal Rh4f5] Strongly threatening Nf5.} Rbe8 22. Nf5 Rxe5 23. Qg4 {[%csl Gf5][%cal Rg4g7]} g6 $1 24. Nxh6+ Kg7 {aiming for ...Qd8.} 25. Qxd7 Kxh6 26. f4 Qe8 27. Qh3+ Rh5 28. Qa3 {Black must now prevent g4.} d4 {[%cal Bd5d4,Bd4d3][%mdl 32] White should prevent ...b4!} 29. Rce1 $132 {[%mdl 2048] White is not keeping still} Qd8 30. Qxa7 Rd5 31. Rd1 d3 32. f5 g5 33. f6 (33. h4 $11 {keeps the balance.}) 33... Kg6 $17 34. Qe7 Rd4 ({Black should try} 34... Re8 $1 $17 {[%cal Re8e7]} 35. Qxd8 Rexd8) 35. Rd2 (35. Qc5 $1 $11) 35... Qb6 36. Kh1 (36. Qe3 $15) 36... Rfd8 37. Qe5 Qe6 38. Qxb5 {[#]} (38. Qxe6 $17 fxe6 39. Kg1) 38... Rf4 $1 $19 {[%cal Rf4f1]} 39. Qb1 Rxf1+ 40. Qxf1 Qe3 ({Weaker is} 40... Qxf6 41. Qd1 $17) 41. Qd1 Re8 {[%mdl 1024] ( -> ...Qe1+). Black has strong compensation.} ({But not} 41... Kxf6 42. Qc1 $17) 42. h3 $2 {[#]} (42. g3) 42... Qg3 $1 {Precision: White = 37%, Black = 66%.} 0-1

[Event "3rd GRENKE Chess Open 2018"]
[Site "Karlsruhe"]
[Date "2018.04.01"]
[Round "7"]
[White "Krause, Benedict"]
[Black "Van Kerkhof, David"]
[Result "0-1"]
[WhiteElo "2458"]
[BlackElo "2324"]
[Annotator "TA"]
[PlyCount "68"]
[EventDate "2018.??.??"]
[EventType "swiss"]
[EventCountry "GER"]
[SourceTitle "playchess.com"]
[Source "ChessBase"]
[SourceQuality "1"]

{[%evp 26,67,-2,-34,-32,-29,-43,-33,9,-27,66,25,38,18,75,-14,0,0,13,11,85,0,44,52,54,57,48,51,52,52,52,39,28,0,0,0,0,-413,-431,-420,-408,-408,-370,-29999]} 1. e4 c5 2. Nf3 g6 3. d4 cxd4 4. Nxd4 Nc6 5. c4 Nf6 6. Nc3 d6 7. Nc2 Bg7 8. Be2 Nd7 9. Bd2 O-O 10. O-O Nc5 11. b4 Bxc3 {B37: Sicilian: Maroczy Bind with 5...Bg7, sidelines} (11... Ne6 12. Rc1 Ned4 13. Nxd4 Nxd4 14. Be3 e5 15. Nb5 Nxb5 16. cxb5 Be6 17. Bc4 Qd7 18. a4 Bf6 19. Qd3 Be7 20. Bd5 Rfb8 21. a5 Kg7 {½-½ (37) Izoria,Z (2599)-Ramirez Alvarez,A (2568) chess.com INT 2018}) 12. Bxc3 Nxe4 13. Bb2 e5 14. Qe1 {LiveBook: 4 Games} Be6 15. Rd1 Qb6 $146 ({Find the theoretical novelty and annotate with similar games:} 15... Qc7 16. f3 Nf6 17. f4 Nd7 18. Qd2 Nb6 19. Ne3 {½-½ (40) Lauer,M (2299)-Kliche,A (2144) Bayern 2010}) 16. Kh1 Rad8 17. f3 {[%cal Bf2f3,Bf3f4][%mdl 32] [#]} Nc5 $1 {[%mdl 512]} 18. Ba1 {[%mdl 1024] White has compensation.} (18. bxc5 Qxb2) 18... Na4 19. f4 f6 {[#]} (19... a5 $11 {remains equal.}) 20. Bd3 (20. Qg3 $1 $16) 20... a5 {[%cal Rc6b4]} 21. a3 axb4 22. axb4 Rd7 {[#]} (22... Qc7 $11) 23. Qe2 ({White should try} 23. Qg3 $1 $16) 23... Nxb4 (23... Qc7 {NOTEXT} 24. c5 dxc5 25. Bc4 Nd8 26. Bb5 Rxd1 27. Rxd1 Bb3) 24. Rb1 {[#]} Nxd3 $1 {[%mdl 512]} 25. Rxb6 (25. Qxd3 Qc6) 25... Nxb6 26. Qxd3 {Black must now prevent Ne3.} Bxc4 27. Qe3 {Hoping for Rd1.} Bxf1 28. Qxb6 Rc8 29. Ne3 Rc1 $1 30. Bb2 Rb1 31. Kg1 $2 {[%mdl 8192]} (31. h4 $11 {and White stays safe.}) 31... Bb5+ $1 $19 32. Bc1 Rxc1+ 33. Kf2 exf4 34. Nd5 $2 (34. Qxb5 $19 fxe3+ 35. Kxe3 Re7+ 36. Kf3) 34... Rf1# {Precision: White = 48%, Black = 43%.} 0-1